000 00366 a2200109 4500
001 ART_44198
005 20260410161937.0
008 260409a
245 1 0 _aCapital movements, Tobin tax, and permanent fire prevention
100 1 _aDavidson, Paul
773 0 _tJournal of post Keynesian economics
_g- Vol. 22, NÂș 2 (dic.1999/mar.2000)
_wREV26226
999 _c29176
_d29176